| 000 | 01151cam a2200301 a 4500 | ||
|---|---|---|---|
| 001 | 16288354 | ||
| 005 | 20170105102916.0 | ||
| 008 | 100617r20102009nyu b 001 0 eng | ||
| 010 | _a 2010290456 | ||
| 020 | _a9780316118118 | ||
| 040 |
_aDLC _cDLC |
||
| 043 | _an-us--- | ||
| 050 | 0 | 0 |
_aE902 _b.R3588 2010 |
| 082 | 0 | 0 |
_a973.931 _222 |
| 100 | 1 | _aRamo, Joshua Cooper. | |
| 245 | 1 | 4 |
_aThe age of the unthinkable : _bwhy the new world disorder constantly surprises us and what to do about it / _cJoshua Cooper Ramo. |
| 250 | _a1st Back Bay pbk. ed. | ||
| 260 |
_aNew York : _bBack Bay Books, _c2009. |
||
| 300 |
_a279 p. ; _c21 cm. |
||
| 500 | _aOriginally published: New York : Little, Brown and Co., 2009. With new afterword and reading group guide. | ||
| 504 | _aIncludes bibliographical references (p. [273]-282) and index. | ||
| 650 | 0 |
_aWorld politics _y21st century. |
|
| 651 | 0 |
_aUnited States _xForeign relations _y2001-2009. |
|
| 651 | 0 |
_aUnited States _xMilitary policy. |
|
| 906 |
_a7 _bcbc _corignew _d2 _encip _f20 _gy-gencatlg |
||
| 942 |
_2ddc _cBK |
||
| 999 |
_c15341 _d15341 |
||